000 00966nam a2200229Ia 4500
003 Ost
005 20260507075131.0
008 260507s9999||||xx |||||||||||||| ||und||
020 _a218249957
040 _cfsecg
041 _aara
082 _a330
100 _aجمعة، أحمد حلمي
_eمؤلف
245 0 _aالمدخل الى التدقيق الحديث /
_c أحمد حلمي جمعة
250 _aطبعة 2
260 _aعمان:
_bدار صفاء للنشر والتوزيع,
_c2005
300 _a520 صفحة؛
_bإيضاحات ؛
_c26 سم
520 _aتطور المعايير الشخصية في ضوء معايير التدقيق الدولية- تطور معايير العمل الميداني في ضوء التدقيق الدولية- تطور إجراءات التدقيق والتقرير في ضوء معايير التدقيق الدولية.
653 _aالتدقيق
653 _aالمحاسبة
942 _cكتاب
999 _c43217
_d43217